Types de thé - Statistiques

Statistiques générales
  • Ce quiz a été pris 44 fois
    37 depuis la dernière actualisation
  • Le résultat moyen est 6 sur 12
Statistiques - réponses
Types de thé % Correct
Noir
97%
Vert
97%
Blanc
83%
Rouge / Rooibos
75%
Bleu / Oolong
61%
Jaune / Imperial
61%
Violet
39%
Rose / Hibiscus
33%
Fumé
6%
Maté
6%
Sombre / Pu-Erh
6%
Orzo / Orge
0%
Aucun quiz correspondant
Distribution des résultats
% des personnes avec chaque résultat
Percentile par nombre de réponses
Votre historique - résultats
Vous n’avez pas pris ce quiz depuis la dernière actualisation